ΕΙΣΑΓΩΓΗ ΣΤΗ ΔΙΕΘΝΗ ΟΙΚΟΝΟΜΙΚΗ (Record no. 7078)
[ view plain ]
| 000 -LEADER | |
|---|---|
| fixed length control field | 00827cam a22002174a 4500 |
| 005 - ΗΜΕΡΟΜΗΝΙΑ ΚΑΙ ΩΡΑ ΤΕΛΕΥΤΑΙΑΣ ΕΝΗΜΕΡΩΣΗΣ | |
| Πεδίο ελέγχου | 20250605164300.0 |
| 008 - FIXED-LENGTH DATA ELEMENTS--GENERAL INFORMATION | |
| Πεδίο ελέγχου σταθερού μήκους | 250528s ||||||||||||||||||||||||d |
| 035 ## - SYSTEM CONTROL NUMBER | |
| System control number | 22022 |
| 020 ## - ISBN | |
| ISBN | 9789609318471 |
| 040 ## - ΠΗΓΗ ΚΑΤΑΛΟΓΟΓΡΑΦΗΣΗΣ | |
| Φορέας πρωτότυπης καταλογογράφησης | MC Athens Campus Library |
| Γλώσσα καταλογογράφησης | Ελληνικά, Μοντέρνα (1453-) |
| Modifying agency | MC Athens Campus Library |
| Κανόνες περιγραφικής καταλογογράφησης | AACR2 |
| 245 1# - ΤΙΤΛΟΣ ΚΑΙ ΔΗΛΩΣΗ ΥΠΕΥΘΥΝΟΤΗΤΑΣ | |
| Τίτλος | ΕΙΣΑΓΩΓΗ ΣΤΗ ΔΙΕΘΝΗ ΟΙΚΟΝΟΜΙΚΗ |
| 250 ## - EDITION STATEMENT | |
| Edition statement | 1 |
| 260 ## - PUBLICATION, DISTRIBUTION, ETC. | |
| Name of publisher, distributor, etc. | Αυτοεκδοση, |
| Date of publication, distribution, etc. | 2010 |
| 300 ## - PHYSICAL DESCRIPTION | |
| Extent | 460 |
| 505 0# - FORMATTED CONTENTS NOTE | |
| Formatted contents note | ΣΥΓΚΡΙΤΙΚΟ ΠΛΕΟΝΑΣΜΑ ΘΕΩΡΙΑ HECKSCHER-OHLIN ΕΠΕΝΔΥΣΕΙΣ ΠΟΛΥΕΘΝΙΚΕΣ ΕΠΙΧΕΙΡΗΣΕΙΣ |
| 520 ## - SUMMARY, ETC. | |
| Summary, etc. | ΣΥΓΚΡΙΤΙΚΟ ΠΛΕΟΝΑΣΜΑ ΘΕΩΡΙΑ HECKSCHER-OHLIN ΕΠΕΝΔΥΣΕΙΣ ΠΟΛΥΕΘΝΙΚΕΣ ΕΠΙΧΕΙΡΗΣΕΙΣ |
| 700 1# - ΠΡΟΣΘΕΤΗ ΑΝΑΓΡΑΦΗ--ΦΥΣΙΚΟ ΠΡΟΣΩΠΟ | |
| Personal name | Παπαζογλου Χρηστος Ε |
| 9 (RLIN) | 7898 |
| 942 ## - ADDED ENTRY ELEMENTS (KOHA) | |
| Koha item type | Books |
| Τύπος τεκμηρίου | Βιβλιοθήκη | Τρέχουσα τοποθεσία | Barcode | Αριθμός εισαγωγής | Ημερομηνία απόκτησης | Ταξιθετικό σύμβολο | Αριθμός αντιτύπου | Κατάσταση απόσυρσης | Κατάσταση χαμένου | Κατάσταση κατεστραμμένου | Μη δανεισμός | Σύνολο δανεισμών | Ημερομηνία τελευταίας εμφάνισης | Η τιμή ισχύει από |
|---|---|---|---|---|---|---|---|---|---|---|---|---|---|---|
| Books | MC Thessaloniki Campus Library | MC Thessaloniki Campus Library | 9780000070777 | 2168 | 05/06/2025 | 337 ΠΑΠ | 1 | 05/06/2025 | 05/06/2025 |